000 00715 a2200217 4500
999 _c183233
_d183233
005 20211221140246.0
010 _aENG-130445
020 _a978-93-5460-052-4
_c927.00
035 _aEN-113977
037 _bDBAD/PUB
082 _a658.1511
_b1
100 _aGarrison, Ray H
245 _aManagerial Accounting:
_cRay H Garrison, Eric W Noreen, Peter C Brewer
250 _aIndian Edition
260 _aTamill Nadu
_bMcGraw Hill Education Private Limited
_c2021
270 _a444/1, Sri Ekambara Naicker Industrial Estate, Alapakkam, Porur
_bChennai
_e600116
300 _a784p.
_c27cm (pbk)
700 _aNorren, Eric W
700 _aBrewer, Peter C
942 _adpl
_cEN
_2ddc
_h658.1511
_mGAR